000 01037nam a2200205 i 4500
001 52987
003 ES-MaACL
005 20230906162700.0
007 t|
008 950906s1881 sp ||||1| spa d
100 1 _aDosilovo, Circasiano.
_945450
245 1 3 _aEl dengue :
_bmanual del juego del tresillo o exposición metódica y razonada de sus reglas, leyes y arte de jugarle, con el reglamento, la resolución de todas las dudas que puedan ocurrir, una numerosa colección de jugadas y el vocabulario de sitios de las voces técnicas : indispensable en los círculos, tertulias y sitios de recreo, y de gran utilidad para los jugadores /
_cpor M. Circasiano Dosílovo.
260 _aMadrid :
_b[s.n.],
_c1881 (
_fViuda e Hijos de J.A. García)
300 _a372 p. ;
_c19 cm.
530 _aDisponible en formato digital.
650 4 _aTresillo (Juego)
_9165356
650 4 _aJuegos de cartas.
_9136324
852 _aES-MaACL
_jD-3776
856 _uhttp://bdh-rd.bne.es/viewer.vm?id=0000083054&page=1
_zBiblioteca Digital Hispánica
999 _c52987
_d52987